000
00216 a2200097 4500
001
47344
100
_a
Tanham G
245
_a
Communist revolutionary warfare
260
_a
London
_b
Methuen
_c
090
_c
30380
_d
30380
942
_a
NUST-CAE
_c
M
_c
22648
999
_c
282417
_d
282417